000 00694nam a2200217 a 4500
001 000043763
005 20260202091016.0
008 140423s2012 dr ac 000 0 spa d
020 _a9789945006742
040 _aDO-SdBNP
_bspa
_cBNPHU
082 _a158.1
_bS715ti
100 1 _aSosa Sosa, Diego A.,
_d1966-
_93236
245 1 0 _aTiempo de vivir :
_bdietario /
_cDiego A. Sosa Sosa.
260 _aSanto Domingo :
_bBúho,
_c2012.
300 _a[164] :
_bil., retrs. ;
_c23 cm.
590 _aInventariado,2018/MFF
650 0 _aAutorrealización (Psicología)
_9211
650 0 _aRelaciones humanas
_9606
650 0 _aPsicología aplicada
_91579
910 _aValidado. Control de la calidad EMS
999 _c43252
_d43252